000 00780nas a2200241 4500
001 BR8601449
003 BR-BrBNA
005 20231205090406.0
007 ta
008 230509b bl.|||p| |||| 00| 00por d
040 _aBR-BrBNA
_bpor
_cBiblioteca Nacional de Agricultura
041 _a(Pt)
072 _aQ02
100 1 _aWolfschoon-Pombo, A.F.
245 1 _aCrioscopia e qualidade do leite, aspecto de legislacao
246 1 _aMilk freezing point and milk analysis - legislation aspects
650 _aLEITE
650 _aCRIOSCOPIA
650 _aCONGELAMENTO
773 0 _tRevista do Instituto de Laticinios Candido Tostes (Brazil)
_xISSN 0100-3674
_g(Jul-Aug 1985), v. 40(240) p. 31-35
_wBR8601449
909 _a202311
_bLúcia
_c55
_dLúcia Elande
942 _2AGRIS
_n0
_cANA
999 _c118107
_d118107